000 00213nam a22000977a 4500
003 OSt
008 210113b ||||| |||| 00| 0 eng d
100 _aJabbar, K. A
_94853
245 _aKshayarogasppathri
942 _cBK
999 _c16475
_d16475